Score 0/20 Timer 02:00
1 Play Today
Movie Title Missing Word % Correct
What Women ___Want
92.8%
When a Man ___ a WomanLoves
90.4%
___ WomanPretty
87.6%
___ of a WomanScent
74.1%
___ of a Mad Black WomanDiary
70.7%
___ WomenLittle
70%
Women on the Verge of a ___ BreakdownNervous
67%
The Woman in ___Red
59.5%
___ of the 50 Foot WomanAttack
58%
Kiss of the ___ WomanSpider
57.9%
Movie Title Missing Word % Correct
The Incredible ___ WomanShrinking
56.4%
And God ___ WomanCreated
49%
Woman of the ___Year
41.8%
The French ___ WomanLieutenant's
40%
___ T and the WomenDr
34.9%
A Woman Under the ___Influence
20.1%
Woman on ___Top
17.9%
An ___ WomanUnmarried
9.9%
___ WomenTwo
7.9%
___ with Other WomenConversations
3.9%

Today's Daily Dose

Remove Ads.
Support Sporcle.
Get the best of Sporcle when you Go Orange. This ad-free experience offers more features, more stats, and more fun while also helping to support Sporcle. Thank you for becoming a member.

You're not logged in!

Compare scores with friends on all Sporcle quizzes.
OR
Log In

Show Comments

Extras

Top Quizzes Today


Score Distribution

Your Account Isn't Verified!

In order to create a playlist on Sporcle, you need to verify the email address you used during registration. Go to your Sporcle Settings to finish the process.

Report this User

Report this user for behavior that violates our Community Guidelines.

Details: